Music Quiz

Random Music Quiz
Score 0/25 Timer 08:00
1 Play Today
Lyric Song % Correct
'And still I dream he'll come to me'I Dreamed a Dream
89.8%
'Don't look em in the eye'Prologue
86.3%
'Everybody loves a landlord'Master Of The House
84.4%
'How do you do, my name's Gavroche?'Paris Look Down
82.4%
'Another day, another destiny'One Day More
81.5%
'I know a place where no one cries'Castle On A Cloud
79.6%
'Keeping watch in the night'Stars
79.4%
'There is a life about to start when tomorrow comes'Do You Hear The People Sing
79.4%
'And all I see is him and me'On My Own
78.9%
'Here they talked of revolution'Empty Chairs At Empty Tables
78.3%
'Standing up or lying down or any way at all'Lovely Ladies
74.4%
'God on high...'Bring Him Home
72.6%
'Have you seen how the foreman is fuming today'At The End Of The Day
68.9%
Lyric Song % Correct
'For the army we fight is a dangerous foe'ABC Cafe
68.5%
'If I stay silent I am damned'Who Am I
66.2%
'I do not even know your name'A Heart Full Of Love
60.4%
'Shelter me, comfort me'A Little Fall Of Rain
59.6%
'My duty's to the law'The Confrontation
49.4%
'Can it be you fear to die?'Drink With Me
46.1%
'Vengeance was his and he gave me back my life'Javert's Soliloquy
45.2%
'Cosette, it's past your bedtime'Fantine's Death
39.3%
'Fighting for a new world that would rise up like the sun'Turning
37.6%
'Do you hear the people sing?'Epilogue
35.9%
'Is there anyone here who will rescue this man?'Runaway Cart
29%
'Life is easy pickings if you grab your chance!'Beggars At The Feast
26.4%
Remove Ads.
Support Sporcle.
Get the best of Sporcle when you Go Orange. This ad-free experience offers more features, more stats, and more fun while also helping to support Sporcle. Thank you for becoming a member.

You're not logged in!

Compare scores with friends on all Sporcle quizzes.
OR
Log In

Sporcle TV

Today on Sporcle TV


Watch our educational content, quiz creation guides, and fun videos on Sporcle TV.

Show Comments

Extras

Top Quizzes Today


Score Distribution

Paid Content

Your Account Isn't Verified!

In order to create a playlist on Sporcle, you need to verify the email address you used during registration. Go to your Sporcle Settings to finish the process.

Report this User

Report this user for behavior that violates our Community Guidelines.

Details: